Southville International School and Colleges
Your cart is empty.
  • Cart
  • Lists
    Public lists Eva Luna New books Lux_list list_1
    Your lists Log in to create your own lists
  • Log in to your account
  • Your cookies
  • Search history
Southville International School and Colleges
  • Advanced search
  • Recent comments
  • Most popular
  • Libraries

Log in to your account

Log in with GOOGLE


If you do not have an external account, but do have a local account, you can still log in:

  1. Home
  2. MARC view: Computer instruction and student's participation of SISC lower school students /
Normal view MARC view ISBD view

Computer instruction and student's participation of SISC lower school students / (Record no. 98338)

[ view plain ]
MARC details
000 -LEADER
fixed length control field 00824nam a2200229 a 4500
003 - CONTROL NUMBER IDENTIFIER
control field 0
005 - DATE AND TIME OF LATEST TRANSACTION
control field 20250228141224.0
008 - FIXED-LENGTH DATA ELEMENTS--GENERAL INFORMATION
fixed length control field 100902s19uu xx 00 eng d
050 ## - LIBRARY OF CONGRESS CALL NUMBER
Classification number PGS LB 1028.43
Item number .H233 2010
100 ## - MAIN ENTRY--PERSONAL NAME
Personal name Han, Yun Sug.
245 ## - TITLE STATEMENT
Title Computer instruction and student's participation of SISC lower school students /
Statement of responsibility, etc Yun Sug Han.
260 ## - PUBLICATION, DISTRIBUTION, ETC. (IMPRINT)
Place of publication, distribution, etc Las Piñas City, Philippines :
Name of publisher, distributor, etc Southville International School and Colleges,
Date of publication, distribution, etc 2010.
300 ## - PHYSICAL DESCRIPTION
Extent 18 pages :
Other physical details illustrations ;
Dimensions 28 cm.
504 ## - BIBLIOGRAPHY, ETC. NOTE
Bibliography, etc Includes bibliographical references.
650 ## - SUBJECT ADDED ENTRY--TOPICAL TERM
Topical term or geographic name as entry element Computer-assisted instruction.
650 ## - SUBJECT ADDED ENTRY--TOPICAL TERM
Topical term or geographic name as entry element Student participation.
650 ## - SUBJECT ADDED ENTRY--TOPICAL TERM
Topical term or geographic name as entry element Computers and students.
650 ## - SUBJECT ADDED ENTRY--TOPICAL TERM
Topical term or geographic name as entry element Educational technology.
650 ## - SUBJECT ADDED ENTRY--TOPICAL TERM
Topical term or geographic name as entry element Active learning
Form subdivision Technology.
650 ## - SUBJECT ADDED ENTRY--TOPICAL TERM
Topical term or geographic name as entry element Sixth grade (Education).
942 ## - ADDED ENTRY ELEMENTS (KOHA)
Source of classification or shelving scheme Library of Congress Classification
Koha item type PASS
Holdings
Withdrawn status Lost status Source of classification or shelving scheme Damaged status Home library Current library Shelving location Date acquired Source of acquisition Total Checkouts Full call number Barcode Date last seen Price effective from Koha item type
    Library of Congress Classification   Luxembourg Library Luxembourg Library Portfolio Assessment of SISC Students Section 09/02/2010 Donation   PGS LB 1028.43 .H233 2010 P2437 04/08/2014 04/08/2014 PASS

Computer instruction and student's participation of SISC lower school students /

APA

Han Y. S., . (2010). Computer instruction and student's participation of SISC lower school students. Las Piñas City, Philippines: Southville International School and Colleges.

Chicago

Han Yun Sug, . 2010. Computer instruction and student's participation of SISC lower school students. Las Piñas City, Philippines: Southville International School and Colleges.

Harvard

Han Y. S., . (2010). Computer instruction and student's participation of SISC lower school students. Las Piñas City, Philippines: Southville International School and Colleges.

MLA

Han Yun Sug, . Computer instruction and student's participation of SISC lower school students. Las Piñas City, Philippines: Southville International School and Colleges. 2010.

  • Print
  • Cite
  • Add to your cart (remove)
  • Save record
    BIBTEX Dublin Core MARCXML MARC (non-Unicode/MARC-8) MARC (Unicode/UTF-8) MARC (Unicode/UTF-8, Standard) MODS (XML) RIS
  • More searches
    Search for this title in:
    Other Libraries (WorldCat) Other Databases (Google Scholar) Online Stores (Bookfinder.com) Open Library (openlibrary.org)

Exporting to Dublin Core...

SOUTHVILLE LIBRARY

Southville International School and Colleges Library

1281 Tropical Ave. Cor. Luxembourg St., BF Homes International, Las Pinas City

Tel. No. 8256374 / 252358 Loc. 117/146

Powered by Koha